000 01092nam a22003017a 4500
001 BD-DhSAU 8849
003 BD-DhSAU
005 20181217151201.0
008 150420b2016 bg ||||| m||| 00| 0 eng d
040 _aBD-DhSAU
082 _222
_a635
_bAk47
100 _eRegistration # 10-04108
_a Akther , Rima
245 _aEffect of Nitrogen and Phosphorus on seed yield of Bush Bean /
_bMS thesis
_c Akther , Rima
260 _aSher-e-Bangla Agricultural University :
_bDepartment of Horticulture,
_c2016
300 _ax,86 p. :
_c30 cm.
_bill. ;
500 _aMS thesis of Department of Horticulture, Faculty of Agriculture, Sher-e-Bangla Agricultural University, Dhaka
504 _aIncludes bibliographical reference.
590 _aShofi
650 _aHorticulture
650 _aNitrogen
650 _aseed yield
650 _aPhosphorus
650 _a Bush Bean
700 _aMostarin, Tahmina
_eSuperviser
700 _a Khatun, Khaleda
_eCo-superviser
856 _uhttp://archive.saulibrary.edu.bd:8080/xmlui/handle/123456789/146
_yOnline Access
942 _2ddc
_cTHESIS
999 _c14013
_d14012